<?xml version="1.0" encoding="UTF-8"?><OAI-PMH xmlns="http://www.openarchives.org/OAI/2.0/" xmlns:xsi="http://www.w3.org/2001/XMLSchema-instance"     xsi:schemaLocation="http://www.openarchives.org/OAI/2.0/ http://www.openarchives.org/OAI/2.0/OAI-PMH.xsd"><responseDate>2026-05-16T15:46:09Z</responseDate><request verb="GetRecord" identifier="oai:regmurcia.com:fintegr.1488" metadataPrefix="marc21">http://oai.regmurcia.com/oai2/oai2.php</request><GetRecord><record><header><identifier>oai:regmurcia.com:fintegr.1488</identifier><datestamp>2026-05-16</datestamp><setSpec>documentos</setSpec></header><metadata><record  xmlns="http://www.loc.gov/MARC21/slim" xmlns:xsi="http://www.w3.org/2001/XMLSchema-instance" xsi:schemaLocation="http://www.loc.gov/MARC21/slim http://www.loc.gov/standards/marcxml/schema/MARC21slim.xsd" type="Bibliographic"><leader>00000nam a2200000   4500</leader><controlfield tag="001" >005074481</controlfield><controlfield tag="003" >1488</controlfield><controlfield tag="004" >A00000000</controlfield><datafield tag="245" ind1=" " ind2=" "><subfield code="a">Provisión de Juan II al Concejo de Murcia nombrando regidor de la ciudad a Pedro de Ayala, por muerte de Juan Sánchez de Torres.</subfield></datafield><datafield tag="300" ind1=" " ind2=" "><subfield code="c">311 x 270 mm.</subfield></datafield><datafield tag="351" ind1=" " ind2=" "><subfield code="a">Unidad Documental</subfield><subfield code="c">Archivo de Murcia. Array</subfield><subfield code="a">Unidad Documental</subfield><subfield code="c">Archivo de Murcia. Array</subfield></datafield><datafield tag="351" ind1=" " ind2=" "><subfield code="b">Nº 17</subfield></datafield><datafield tag="505" ind1=" " ind2=" "><subfield code="a">/codom/16/162.pdf</subfield></datafield><datafield tag="506" ind1=" " ind2=" "><subfield code="a">Acceso restringido</subfield></datafield><datafield tag="510" ind1=" " ind2=" "><subfield code="a">Pub. ABELLÁN PÉREZ, JUAN. Documentos de Juan II. Murcia: Academia Alfonso X el Sabio, 1984, pp. 409-410</subfield></datafield><datafield tag="520" ind1=" " ind2=" "><subfield code="a">Juan II nombra como regidor de Murcia a Pedro de Ayala, al quedar un oficio vacante por muerte de Juan Sánchez de Torres, el cual ha sido nombrado tras la presentación de  una terna, junto a Pedro Alfonso de Escarramad y Pedro Carles. Ordena que sea reconocido ante el concejo como regidor de la ciudad y se le guarde el salario y los privilegios relativos a su cargo.</subfield></datafield><datafield tag="583" ind1=" " ind2=" "><subfield code="u">http://www.regmurcia.com/servlet/s.Sl?METHOD=VERDOCUMENTO&amp;sit=serv,Carmesi&amp;n=/01/637/indice.djvu</subfield></datafield><datafield tag="592" ind1=" " ind2=" "><subfield code="a">1430-05-02</subfield></datafield><datafield tag="592" ind1=" " ind2=" "><subfield code="d">1430-05-02 00:00:00</subfield></datafield><datafield tag="651" ind1=" " ind2=" "><subfield code="a">Burgos</subfield></datafield><datafield tag="786" ind1=" " ind2=" "><subfield code="o">http://www.regmurcia.com/servlet/s.Sl?METHOD=VERDOCUMENTO&amp;sit=serv,Carmesi&amp;n=/01/637/indice.djvu</subfield></datafield><datafield tag="856" ind1=" " ind2=" "><subfield code="u">http://www.regmurcia.com/servlet/s.Sl?METHOD=DETALLE&amp;sit=c,373,m,139,serv,Carmesi&amp;id=1488</subfield></datafield></record></metadata></record></GetRecord></OAI-PMH>
